Central Library OPAC University of Rajshahi

Earth science / (Record no. 10969)

MARC details
000 -LEADER
fixed length control field 00835cam a22002771 4500
001 - CONTROL NUMBER
control field 10969
003 - CONTROL NUMBER IDENTIFIER
rucl marc code BD-RjUL
005 - DATE AND TIME OF LATEST TRANSACTION
control field 20211208235040.0
008 - FIXED-LENGTH DATA ELEMENTS--GENERAL INFORMATION
fixed length control field 140125s1959 -us 001 0 eng
035 ## - SYSTEM CONTROL NUMBER
System control number (BD-RjUL)11018
System control number (OCoLC)3141413
040 ## - CATALOGING SOURCE
Original cataloging agency DLC
Transcribing agency OC
Modifying agency Uk
-- DLC
-- BD-RjUL
Language of cataloging eng
041 ## - LANGUAGE CODE
Language code of text/sound track or separate title eng
082 ## - DEWEY DECIMAL CLASSIFICATION NUMBER
Classification number 551
Author mark and year FLE 1959
100 1# - MAIN ENTRY--PERSONAL NAME
Personal name Fletcher, Gustav L.
Fuller form of name (Gustav Ludwig),
Dates associated with a name 1885-
9 (RLIN) 33899
245 10 - TITLE STATEMENT
Title Earth science /
Statement of responsibility, etc. Gustav L. Fletcher [and] Caleb Wroe Wolfe.
250 ## - EDITION STATEMENT
Edition statement 4th ed.
260 ## - PUBLICATION, DISTRIBUTION, ETC. (IMPRINT)
Place of publication, distribution, etc. Boston :
Name of publisher, distributor, etc. Heath,
Date of publication, distribution, etc. c1959.
300 ## - PHYSICAL DESCRIPTION
Pagination 556 p. :
Illustrations illus. ;
Size 24 cm.
504 ## - BIBLIOGRAPHY, ETC. NOTE
Bibliography, etc Includes bibliography and index.
650 #0 - SUBJECT ADDED ENTRY--TOPICAL TERM
Topical term or geographic name as entry element Physical geography
Form subdivision Textbooks.
9 (RLIN) 32655
700 1# - ADDED ENTRY--PERSONAL NAME
Personal name Wolfe, Caleb Wroe,
Dates associated with a name 1908-
Relator term joint author.
942 ## - ADDED ENTRY ELEMENTS (KOHA)
Source of classification or shelving scheme Dewey Decimal Classification
Koha item type Books
Holdings
Lost status Source of classification or shelving scheme Damaged status Not for loan Permanent Location Current Location Shelving location Date acquired Source of acquisition Cost, normal purchase price Total Checkouts Full call number Date last seen Copy number Koha item type
  Dewey Decimal Classification   Not For Loan Central Library, University of Rajshahi Central Library, University of Rajshahi Reading Room 19/11/1960 Mirza books agency 26.40   551 FLE 1959 25/01/2014 C-1 Books